Hàm tử xoắn và hàm tử mở rộng
Các kiến thức cơ sở. Hàm tử Mođun. Hàm tử xoắn và hàm tử mở rộng.
שמור ב:
| מחבר ראשי: | |
|---|---|
| מחברים אחרים: | |
| פורמט: | ספר |
| שפה: | Vietnamese |
| יצא לאור: |
Đà Nẵng
Đại học Đà Nẵng
2011
|
| נושאים: | |
| תגים: |
הוספת תג
אין תגיות, היה/י הראשונ/ה לתייג את הרשומה!
|
| Thư viện lưu trữ: | Mạng thư viện Đại học Đà Nẵng |
|---|
| LEADER | 01389nam a2200361 4500 | ||
|---|---|---|---|
| 001 | 000010334 | ||
| 003 | 6536 | ||
| 005 | 20111212161247.0 | ||
| 008 | 111212s2011 viesd | ||
| 041 | |a vie | ||
| 072 | |a Luận văn Thạc sĩ Khoa học | ||
| 082 | |a 515 |b Ho-L | ||
| 100 | |a Hồ Thị Hồng Liên | ||
| 245 | |a Hàm tử xoắn và hàm tử mở rộng |c Hồ Thị Hồng Liên | ||
| 260 | |a Đà Nẵng |b Đại học Đà Nẵng |c 2011 | ||
| 300 | |a 78 tr. |c 29 cm |e CD. Tóm tắt | ||
| 500 | |a Luận văn Thạc sĩ. Chuyên ngành: Phương pháp toán sơ cấp. Mã số: 60.46.40 | ||
| 520 | |a Các kiến thức cơ sở. Hàm tử Mođun. Hàm tử xoắn và hàm tử mở rộng. | ||
| 653 | |a Hàm tử Môđun | ||
| 653 | |a Hàm tử xoắn | ||
| 653 | |a Luận văn Thạc sĩ Toán sơ cấp | ||
| 653 | |a Toán học | ||
| 700 | |a Nguyễn Gia Định |c PGS.TS |e Hướng dân | ||
| OWN | |a LSP | ||
| AVA | |a UDN50 |b LSP |d 515 Ho-L |e available |t Error 5001 Not defined in file expand_doc_bib_avail. |f 1 |g 0 |h N |i 0 |k 1 | ||
| 999 | |a From the UDN01 | ||
| AVA | |a UDN50 |b LSP |d 515 Ho-L |e available |t Error 5001 Not defined in file expand_doc_bib_avail. |f 1 |g 0 |h N |i 0 |k 1 | ||
| TYP | |a Monograph | ||
| TYP | |a Printed language | ||
| 980 | |a Mạng thư viện Đại học Đà Nẵng | ||